| 000 | 00755cam a2200121 4500500 | ||
|---|---|---|---|
| 005 | 20251012042500.0 | ||
| 041 | _afre | ||
| 042 | _adc | ||
| 245 | 0 | 0 | _aA nous la parole : Partenia, dix ans déjà |
| 260 |
_bL'Harmattan,
_c2005. |
||
| 520 | _aEn janvier 1995, nous étions des milliers, à travers toute la France et au-delà, à être scandalisés par les décisions romaines: Jacques Gaillot est viré de son diocèse d’Evreux. Il devient évêque de Partenia, un lieu, un espace inconnu de tous. Un diocèse que Jacques Gaillot crée depuis 10 ans.A l’occasion de cet anniversaire cet ouvrage rassemble des témoignages multiples. | ||
| 856 | 4 | 1 | _uhttps://shs.cairn.info/a-nous-la-parole--9782747590105?lang=fr&redirect-ssocas=7080 |
| 999 |
_c1548806 _d1548806 |
||